000 01120nam a2200337 i 4500
001 000016474
003 DO-SdBNP
005 20251120073732.0
006 a||||gr|||| 00| 0
007 ta
008 100305e1984 dr 000 0 spa d
040 _aDO-SdBNP
_bspa
_cBNPHU
_erda
082 4 _a460.7
_bF363L, 1984
_222
100 1 _aFernández, Felix
_911384
_d1949 -
_eautor
245 1 0 _aLectura y redacción /
_cFelix Fernández.
250 _a2ª edición.
264 1 _aSantiago de los Caballeros, República Dominicana :
_bUCMM,
_c1984.
300 _a246 páginas ;
_c21 cm.
336 _2rdacontent
_atexto
_btxt
337 _2rdamedia
_asin mediación
_bn
338 _2rdacarrier
_avolumen
_bnc
490 1 _aTextos
500 _aIncluye datos biográficos en la contracubierta.
504 _aBibliografía : páginas 241-242
590 _aInventariado, 2024 / MF
650 4 _aEspañol
_xEnseñanza
_9406
650 4 _aRedacción
_xEjercicios de redacción
_91227
710 2 _aPontificia Universidad Católica Madre y Maestra
_9843
910 _aValidado. Control de calidad EMS
942 _2ddc
_cLBS1
999 _c16009
_d16009